00658nam a2200193 a 450000100100000000500170001000800410002702000180006804000250008608200170011110000290012824500560015726000460021330000280025949000190028783000260030695201150033299900170044700003964720201002033645.0130715s2005 sp a 000 0 spa d a9788479278151 aDO-SdBNPbspacBNPHU axxxxxbxxxxx1 aChandelle, René96583113aEl juego del código da vinci /cRené Chandelle. aBarcelona, :bEdiciones Robinbook,c2005. a160 p. :bil. ;c18 cm.1 aCiencia oculta 0aCiencia oculta965832 001050718MOaGRbGRcHDd2013-07-15iLF1l0oxxxxx xxxxxp39647-10r2020-06-25w2020-06-25y1ZNo se presta c39137d39137